| 000 | 01264cab a2200205 4500 | ||
|---|---|---|---|
| 001 | ##L132678 | ||
| 008 | 060228n2006 000 0 eng u | ||
| 035 | _a(Sirsi) u132678 | ||
| 041 | 0 | _aeng | |
| 100 | 1 | _aPhillippo, Peter | |
| 245 | 0 | 4 | _aThe adjudicator's power to award interest |
| 260 | _c2006 | ||
| 490 | 0 |
_aContract Journal _v432(6563) 22 February 2006, 30(1) |
|
| 520 | _aRecites the facts of, and comments upon, "Carillion Construction Ltd v Devonport Royal Dockyard Ltd" ([2005] EWCA Civ 1358, L131780). The Court of Appeal held that an adjudicator can decide questions of interest under the Scheme for Construction Contracts (England and Wales) Regulations 1998, if the questions were properly referred matters of dispute, or the parties had agreed to include interest within the scope of the adjudication, or the adjudicator considered interest as a question necessarily connected with the dispute. | ||
| 590 | _aIKA280206 | ||
| 650 | 2 | 4 | _aCARILLION CONSTRUCTION LTD V DEVONPORT ROYAL DOCKYARD LTD |
| 650 | 2 | 4 | _aSCHEME FOR CONSTRUCTION CONTRACTS (ENGLAND AND WALES) REGULATIONS 1998 |
| 690 | _aMANAGEMENT-DISPUTE AVOIDANCE, MANAGEMENT AND RESOLUTION-DISPUTE MANAGEMENT AND RESOLUTION-ALTERNATIVE DISPUTE RESOLUTION-ADJUDICATION | ||
| 942 | _n0 | ||
| 999 |
_c76553 _d76553 |
||